effect of mineral fertilizers and soil amendments on growth and yield of maize in pratehlang soil group ប្រសិទ្ធភាពនៃការប្រើប្រាស់ជីគីមី​ និង​ សារធាតុកែលម្អដីទៅលើការលូតលាស់​ និង​ទិន្នផលពោតក្នុងលក្ខខណ្ឌដីប្រទះទ្បាង (Record no. 18007)

000 -LEADER
fixed length control field 00801nam a22001337a 4500
040 ## - CATALOGING SOURCE
Transcribing agency RUA
082 ## - DEWEY DECIMAL CLASSIFICATION NUMBER
Classification number AGR HOE 2017 B636 Or.1
100 ## - MAIN ENTRY--AUTHOR NAME
Personal name HOEM PIN ហ៊ឹម​ ពីន
245 ## - TITLE STATEMENT
Title effect of mineral fertilizers and soil amendments on growth and yield of maize in pratehlang soil group ប្រសិទ្ធភាពនៃការប្រើប្រាស់ជីគីមី​ និង​ សារធាតុកែលម្អដីទៅលើការលូតលាស់​ និង​ទិន្នផលពោតក្នុងលក្ខខណ្ឌដីប្រទះទ្បាង
260 ## - PUBLICATION, DISTRIBUTION, ETC. (IMPRINT)
Place of publication phnom penh
Name of publisher RUA
Year of publication 2017
300 ## - PHYSICAL DESCRIPTION
Number of Pages X;35P;
Other physical details ill;
Dimensions 29cm;
856 ## - ELECTRONIC LOCATION AND ACCESS
Uniform Resource Identifier https://drive.google.com/file/d/1eWA4i1TyO-WfE9lTqU-pq9RNFlhTjgQN/view?usp=sharing
942 ## - ADDED ENTRY ELEMENTS (KOHA)
Koha item type AGR
952 ## - LOCATION AND ITEM INFORMATION (KOHA)
Withdrawn status [LOCAL, KOHA] 0
952 ## - LOCATION AND ITEM INFORMATION (KOHA)
Withdrawn status [LOCAL, KOHA] 0
952 ## - LOCATION AND ITEM INFORMATION (KOHA)
Withdrawn status [LOCAL, KOHA] 0
952 ## - LOCATION AND ITEM INFORMATION (KOHA)
Withdrawn status [LOCAL, KOHA] 0
952 ## - LOCATION AND ITEM INFORMATION (KOHA)
Withdrawn status [LOCAL, KOHA] 0
952 ## - LOCATION AND ITEM INFORMATION (KOHA)
Withdrawn status [LOCAL, KOHA] 0
Holdings
Permanent Location Date acquired Koha item type Lost status Shelving location Barcode Current Location Full call number
Library Block B2019-07-19AGR B636A44749Library Block BAGR HOE 2017 B636 Or.1
Library Block B2019-07-19AGR B636A45042Library Block BAGR HOE 2017 B636 Or.2
Library Block B2019-07-19AGR B636A45112Library Block BAGR HOE 2017 B636 Or.3
Library Block B2019-07-19AGR B636A45048Library Block BAGR HOE 2017 B636 Or.4
Library Block B2019-07-19AGR B636A44652Library Block BAGR HOE 2017 B636 Or.1
Library Block B2019-07-19AGR B636A44872Library Block BAGR HOE 2017 B636 Or.6
មជ្ឈមណ្ឌលឯការនៃសាកលវិទ្យាល័យភូមិន្ទកសិកម្មចំការដូង

Powered by Koha